000 00717nam a2200217Ii 4500
003 JO-AjNU
008 230605s9999||||xx |||||||||||||| ||und||
017 _a2010/4948
020 _a978-977-287-940-9
040 _aJO-AjNU
_bara
_erda
_cJO-AjNU
041 _aara
050 1 4 _aQA76.73 2010
100 3 _aعزب، محمدعزب,
_eauthor
_944349
245 0 0 _aتعلم في خطوات اعداد التقارير في اوراكل
264 3 1 _aالقاهرة:دار الكتب العلمية ، 2010
300 _a192ص
336 _atext
_btxt
_2rdacontent
337 _aunmediated
_bn
_2rdamedia
338 _avolume
_bnc
_2rdacarrier
650 4 _aالحاسبات الالكترونية-برامج
_944350
999 _aA19141
_c22709
_d22709